<?xml version="1.0" encoding="UTF-8"?>
<record
    xmlns:xsi="http://www.w3.org/2001/XMLSchema-instance"
    xsi:schemaLocation="http://www.loc.gov/MARC21/slim http://www.loc.gov/standards/marcxml/schema/MARC21slim.xsd"
    xmlns="http://www.loc.gov/MARC21/slim">

  <leader>02825cam a2200301   4500</leader>
  <controlfield tag="001">1746642</controlfield>
  <controlfield tag="005">20131022103908.0</controlfield>
  <controlfield tag="008">711220r19831971nyu     rb    000 1 eng</controlfield>
  <datafield tag="010" ind1=" " ind2=" ">
    <subfield code="a">   75161559 </subfield>
  </datafield>
  <datafield tag="020" ind1=" " ind2=" ">
    <subfield code="a">0805210555 </subfield>
  </datafield>
  <datafield tag="020" ind1=" " ind2=" ">
    <subfield code="a">9780805210552</subfield>
  </datafield>
  <datafield tag="040" ind1=" " ind2=" ">
    <subfield code="a">DLC</subfield>
    <subfield code="c">DLC</subfield>
    <subfield code="d">DLC</subfield>
  </datafield>
  <datafield tag="041" ind1="1" ind2=" ">
    <subfield code="a">engger</subfield>
  </datafield>
  <datafield tag="082" ind1="0" ind2="0">
    <subfield code="a">833.912</subfield>
    <subfield code="2">22</subfield>
    <subfield code="b">KAF</subfield>
  </datafield>
  <datafield tag="100" ind1="1" ind2=" ">
    <subfield code="a">Kafka, Franz,</subfield>
    <subfield code="d">1883-1924.</subfield>
    <subfield code="9">34164</subfield>
  </datafield>
  <datafield tag="245" ind1="1" ind2="4">
    <subfield code="a">The complete stories /</subfield>
    <subfield code="c">Franz Kafka; Edited by Nahum N. Glatzer; Foreword by John Updike</subfield>
  </datafield>
  <datafield tag="260" ind1=" " ind2=" ">
    <subfield code="a">New York:</subfield>
    <subfield code="b">Schocken Books ,</subfield>
    <subfield code="c">1983</subfield>
  </datafield>
  <datafield tag="300" ind1=" " ind2=" ">
    <subfield code="a">vii, 486 p.</subfield>
    <subfield code="c">24 cm.</subfield>
  </datafield>
  <datafield tag="490" ind1=" " ind2=" ">
    <subfield code="9">34167</subfield>
    <subfield code="a">Schocken classics</subfield>
  </datafield>
  <datafield tag="504" ind1=" " ind2=" ">
    <subfield code="a">Includes bibliographies.</subfield>
  </datafield>
  <datafield tag="505" ind1=" " ind2=" ">
    <subfield code="a"> 	Two Introductory parables: Before the law --
Imperial message --
Longer stories: Description of a struggle --
Wedding preparations in the country --
Judgment --
Metamorphosis --
In the penal colony --
Village schoolmaster (The giant mole) --
Blumfeld, and elderly bachelor --
Warden of the tomb --
Country doctor --
Hunter Gracchus --
Hunter Gracchus: A fragment --
Great Wall of China --
News of the building of the wall: A fragment --
Report to an academy --
Report to an academy: Two fragments --
Refusal --
Hunger artist --
Investigations of a dog --
Little woman --
The burrow --
Josephine the singer, or the mouse folk --
Children on a country road --
The trees --
Clothes --
Excursion into the mountains --
Rejection --
The street window --
The tradesman --
Absent-minded window-gazing --
The way home --
Passers-by --
On the tram --
Reflections for gentlemen-jockeys --
The wish to be a red Indian --
Unhappiness --
Bachelor's ill luck --
Unmasking a confidence trickster --
The sudden walk --
Resolutions --
A dream --
Up in the gallery --
A fratricide --
The next village --
A visit to a mine --
Jackals and Arabs --
The bridge --
The bucket rider --
The new advocate --
An old manuscript --
The knock at the manor gate --
Eleven sons --
My neighbor --
A crossbreed (A sport) --
The cares of a family man --
A common confusion --
The truth about Sancho Panza --
The silence of the sirens --
Prometheus --
The city coat of arms --
Poseidon --
Fellowship --
At night --
The problem of our laws --
The conscripton of troops --
The test --
The vulture --
The helmsman --
The top --
A little fable --
Home-coming --
First sorrow --
The departure --
Advocates --
The married couple --
Give it up! --
On parables.</subfield>
  </datafield>
  <datafield tag="600" ind1=" " ind2=" ">
    <subfield code="9">34164</subfield>
    <subfield code="a">Kafka, Franz,</subfield>
    <subfield code="d">1883-1924 --</subfield>
    <subfield code="x">Translations into English</subfield>
  </datafield>
  <datafield tag="650" ind1=" " ind2=" ">
    <subfield code="9">34165</subfield>
    <subfield code="a">Short stories, Austrian</subfield>
    <subfield code="x">Translation into English</subfield>
  </datafield>
  <datafield tag="651" ind1=" " ind2=" ">
    <subfield code="9">34166</subfield>
    <subfield code="a">Germany</subfield>
    <subfield code="x">Social life and customs</subfield>
    <subfield code="y">20th century</subfield>
    <subfield code="v">Fiction</subfield>
  </datafield>
  <datafield tag="653" ind1=" " ind2=" ">
    <subfield code="b">ENG</subfield>
    <subfield code="c">October2013</subfield>
  </datafield>
  <datafield tag="700" ind1="1" ind2=" ">
    <subfield code="a">Glatzer, Nahum N.</subfield>
    <subfield code="q">(Nahum Norbert),</subfield>
    <subfield code="d">1903-1990,</subfield>
    <subfield code="e">ed.</subfield>
    <subfield code="9">34168</subfield>
  </datafield>
  <datafield tag="942" ind1=" " ind2=" ">
    <subfield code="2">ddc</subfield>
    <subfield code="c">BB</subfield>
  </datafield>
  <datafield tag="999" ind1=" " ind2=" ">
    <subfield code="c">17667</subfield>
    <subfield code="d">17639</subfield>
  </datafield>
  <datafield tag="952" ind1=" " ind2=" ">
    <subfield code="0">0</subfield>
    <subfield code="1">0</subfield>
    <subfield code="2">ddc</subfield>
    <subfield code="4">0</subfield>
    <subfield code="7">0</subfield>
    <subfield code="8">Baccah</subfield>
    <subfield code="a">MAIN</subfield>
    <subfield code="b">MAIN</subfield>
    <subfield code="c">2ND</subfield>
    <subfield code="d">2013-10-22</subfield>
    <subfield code="e">purchase</subfield>
    <subfield code="g">220.00</subfield>
    <subfield code="h">18162</subfield>
    <subfield code="l">2</subfield>
    <subfield code="m">2</subfield>
    <subfield code="o">833.912 KAF</subfield>
    <subfield code="p">000029245</subfield>
    <subfield code="q">2018-05-02</subfield>
    <subfield code="r">2016-01-31 00:00:00</subfield>
    <subfield code="s">2016-01-31</subfield>
    <subfield code="y">BB</subfield>
  </datafield>
</record>
